Courtroom drama : 120 of the world's most notable trials (Volume 3) (Record no. 39093)
[ view plain ]
| 000 -LEADER | |
|---|---|
| fixed length control field | 00705nam a2200169 a 4500 |
| 008 - FIXED-LENGTH DATA ELEMENTS--GENERAL INFORMATION | |
| fixed length control field | 210223s1998 xx |||||||||||||| || u |
| 020 ## - INTERNATIONAL STANDARD BOOK NUMBER | |
| International Standard Book Number | 9780787617387 |
| 050 ## - LIBRARY OF CONGRESS CALL NUMBER | |
| Classification number | REF K 640 Cou |
| 100 ## - MAIN ENTRY--PERSONAL NAME | |
| Personal name | Knappman, Edward W |
| 245 10 - TITLE STATEMENT | |
| Title | Courtroom drama : 120 of the world's most notable trials (Volume 3) |
| Statement of responsibility, etc. | Edited by Elizabeth Frost-Knappman; Edward W. Knappman; Lisa Paddock |
| 260 ## - PUBLICATION, DISTRIBUTION, ETC. | |
| Place of publication, distribution, etc. | |
| Name of publisher, distributor, etc. | U.X.L |
| Date of publication, distribution, etc. | 1998 |
| 300 ## - PHYSICAL DESCRIPTION | |
| Extent | xlvi, 863 pages : illustrations |
| 650 ## - SUBJECT ADDED ENTRY--TOPICAL TERM | |
| Topical term or geographic name entry element | TRIALS--LAW |
| 700 ## - ADDED ENTRY--PERSONAL NAME | |
| Personal name | Paddock, Lisa |
| 700 ## - ADDED ENTRY--PERSONAL NAME | |
| Personal name | Frost-Knappman, Elizabeth |
| 995 ## - RECOMMENDATION 995 [LOCAL, UNIMARC FRANCE] | |
| -- | 213.14 |
| -- | CBU-MAIN LIBRARY (Kitwe) |
| -- | 1 |
| -- | AVAILABLE |
| -- | Mar 4, 2021 |
| -- | Main Library Open Access Collection |
| Withdrawn status | Lost status | Source of classification or shelving scheme | Damaged status | Not for loan | Home library | Current library | Shelving location | Date acquired | Total Checkouts | Full call number | Barcode | Date last seen | Price effective from | Koha item type |
|---|---|---|---|---|---|---|---|---|---|---|---|---|---|---|
| CBU-MAIN LIBRARY, KITWE. | CBU-MAIN LIBRARY, KITWE. | 11/30/2022 | REF K 640 Cou | 750794 | 11/30/2022 | 11/30/2022 | MONOGRAPH |